[Event "Mitropa Cup 16th"]
[Site "Buekfuerdo"]
[Date "1995.??.??"]
[Round "9"]
[White "Wittmann, Walter"]
[Black "Rogic, Davor"]
[Result "0-1"]
[WhiteElo "2405"]
[BlackElo "2460"]
[PlyCount "90"]
[EventDate "1995.02.??"]
[EventType "team-tourn"]
[EventRounds "9"]
[EventCountry "HUN"]
[Source "ChessBase"]
[SourceDate "1995.07.01"]

1. e4 e5 2. Nf3 Nc6 3. Bb5 a6 4. Bxc6 dxc6 5. O-O f6 6. d4 Bg4 7. dxe5 Qxd1 8.
Rxd1 fxe5 9. Nbd2 O-O-O 10. Re1 Bd6 11. h3 Bh5 12. Nh4 Bf7 13. Ndf3 h6 14. Bd2
Re8 15. Bc3 Nf6 16. Rad1 g6 17. Nh2 Rhf8 18. N4f3 c5 19. b3 b5 20. g3 b4 21.
Bd2 g5 22. c4 Bg6 23. h4 g4 24. h5 Bxe4 25. Nh4 Bc2 26. Rc1 Bh7 27. Bxh6 Rg8
28. Be3 Nxh5 29. Bd2 Nf6 30. Re2 a5 31. Nf1 Ref8 32. Rce1 Nd7 33. Bc1 Nb8 34.
Rxe5 Bxe5 35. Rxe5 Nd7 36. Re1 Re8 37. Be3 Ne5 38. Nh2 Nc6 39. Ng2 Nd4 40. Rd1
Rd8 41. Re1 a4 42. Nf4 Nc2 43. Rc1 Nxe3 44. fxe3 Rd2 45. Ra1 Be4 0-1

[Event "Mitropa Cup 17th"]
[Site "Montecatini Terme"]
[Date "1997.??.??"]
[Round "1"]
[White "Acs, Peter"]
[Black "Krupkova, Petra"]
[Result "1-0"]
[WhiteElo "2460"]
[BlackElo "2275"]
[PlyCount "145"]
[EventDate "1997.11.07"]
[EventType "team-tourn"]
[EventRounds "9"]
[EventCountry "ITA"]
[Source "ChessBase"]
[SourceDate "1998.03.09"]

1. e4 c5 2. Nf3 d6 3. d4 cxd4 4. Nxd4 Nf6 5. Nc3 a6 6. Be2 e6 7. O-O Qc7 8. f4
Be7 9. Be3 O-O 10. a4 Nc6 11. Kh1 Re8 12. g4 Nxd4 13. Bxd4 e5 14. fxe5 dxe5 15.
Be3 Rd8 16. Nd5 Nxd5 17. exd5 b6 18. c4 a5 19. Bd3 Bc5 20. Bd2 Qe7 21. Qf3 Ra7
22. Rae1 Re8 23. Re2 Qd6 24. Bg5 Qd7 25. Qh3 g6 26. Re4 Qxa4 27. Bf6 Qd7 28.
Rf5 Bf8 29. Rfxe5 Rxe5 30. Rxe5 Qxg4 31. Qxg4 Bxg4 32. Re8 Rc7 33. Bd4 Rc8 34.
Rxc8 Bxc8 35. Bxb6 Bb4 36. c5 Kf8 37. Bb5 Ke7 38. d6+ Ke6 39. Bc4+ Kf6 40. Bd8+
Ke5 41. Bb6 f5 42. Ba6 Bd7 43. Bb7 a4 44. c6 Kxd6 45. cxd7 Kxd7 46. Bd5 a3 47.
bxa3 Bxa3 48. Bd4 Ke7 49. Kg2 g5 50. Bb7 Kf7 51. Bc8 Be7 52. Bxf5 Bf6 53. Be3
Kg7 54. Kf3 h6 55. Ke4 Bb2 56. Bd7 Bf6 57. Kf5 Bc3 58. Be8 Bb2 59. Bb5 Bc3 60.
Ke6 Bb2 61. Bc5 Bc3 62. h3 Bb2 63. Ke7 Bc3 64. Ke8 Bb2 65. Bf8+ Kh8 66. Kf7 Bc3
67. Bxh6 Bd4 68. Bxg5 Bc3 69. Bd3 Bd4 70. h4 Bc3 71. h5 Bd4 72. h6 Be5 73. Be7
1-0

[Event "Mitropa Cup 17th"]
[Site "Montecatini Terme"]
[Date "1997.??.??"]
[Round "1"]
[White "Arlandi, Ennio"]
[Black "Palac, Mladen"]
[Result "1/2-1/2"]
[WhiteElo "2470"]
[BlackElo "2575"]
[PlyCount "172"]
[EventDate "1997.11.07"]
[EventType "team-tourn"]
[EventRounds "9"]
[EventCountry "ITA"]
[Source "ChessBase"]
[SourceDate "1998.03.09"]

1. d4 Nf6 2. c4 e6 3. Nc3 Bb4 4. e3 c5 5. Nge2 b6 6. a3 Ba5 7. Rb1 Na6 8. Bd2
O-O 9. Ng3 d5 10. cxd5 cxd4 11. exd4 Bxc3 12. bxc3 exd5 13. Be2 Nc7 14. Bf4 Ne6
15. Be3 Qc7 16. Qd2 Ne8 17. O-O Nd6 18. Bf4 Ne4 19. Nxe4 Qxf4 20. Qxf4 Nxf4 21.
Ng3 Nxe2+ 22. Nxe2 Ba6 23. Rfe1 Rfe8 24. Nf4 Bc4 25. f3 f6 26. Kf2 Kf7 27. g3
g5 28. Ng2 Bd3 29. Rbd1 Rxe1 30. Rxe1 Rc8 31. Rc1 Ke6 32. Ke3 Bg6 33. Kd2 Rc4
34. Ne3 Ra4 35. Ra1 Ra5 36. c4 dxc4 37. Nxc4 Ra4 38. Kc3 b5 39. Ne3 a5 40. Ra2
Kd6 41. Ra1 Kc6 42. Rc1 Kd6 43. Ra1 h5 44. h4 gxh4 45. gxh4 Bf7 46. Kb2 Be6 47.
Rd1 b4 48. Rd3 bxa3+ 49. Rxa3 Rxd4 50. Rxa5 Rxh4 51. Nf5+ Bxf5 52. Rxf5 Ke6 53.
Ra5 f5 54. Kc2 Rd4 55. Ra6+ Ke5 56. Rh6 Rh4 57. Kd2 Kf4 58. Rf6 Rh2+ 59. Ke1
Ke3 60. Kf1 f4 61. Kg1 Ra2 62. Rh6 Ra5 63. Kg2 Rg5+ 64. Kh1 Kxf3 65. Ra6 Re5
66. Ra3+ Re3 67. Ra8 Kg3 68. Rg8+ Kh3 69. Kg1 Rg3+ 70. Kh1 Rg4 71. Rg5 f3 72.
Rf5 Kg3 73. Kg1 h4 74. Ra5 f2+ 75. Kf1 h3 76. Ra3+ Kh2 77. Rf3 Rg2 78. Rxf2 Kg3
79. Rf8 Ra2 80. Rg8+ Kh2 81. Rg7 Ra1+ 82. Kf2 Kh1 83. Rg3 Ra2+ 84. Kf1 h2 85.
Rg8 Ra7 86. Rf8 Rf7+ 1/2-1/2

[Event "Mitropa Cup 17th"]
[Site "Montecatini Terme"]
[Date "1997.??.??"]
[Round "1"]
[White "Bellini, Fabio"]
[Black "Rogic, Davor"]
[Result "1-0"]
[WhiteElo "2415"]
[BlackElo "2445"]
[PlyCount "55"]
[EventDate "1997.11.07"]
[EventType "team-tourn"]
[EventRounds "9"]
[EventCountry "ITA"]
[Source "ChessBase"]
[SourceDate "1998.03.09"]

1. e4 c5 2. Nf3 d6 3. Bc4 e6 4. O-O Nf6 5. Re1 Be7 6. c3 O-O 7. Bb3 b6 8. d4
Bb7 9. Nbd2 Qc7 10. e5 Nfd7 11. exd6 Bxd6 12. Ne4 Be7 13. d5 exd5 14. Bxd5 Nc6
15. Neg5 Bf6 16. Nxf7 Rxf7 17. Bxf7+ Kxf7 18. Bf4 Qc8 19. Qd5+ Kf8 20. Bd6+ Ne7
21. Qe6 Qe8 22. Rad1 Rd8 23. Bc7 Bc6 24. Bxd8 Qxd8 25. Ne5 Bxe5 26. Qxe5 Nc8
27. Qe6 Ne7 28. Qd6 1-0

[Event "Mitropa Cup 17th"]
[Site "Montecatini Terme"]
[Date "1997.??.??"]
[Round "1"]
[White "Ekstroem, Roland"]
[Black "Pcola, Pavol"]
[Result "1-0"]
[WhiteElo "2475"]
[BlackElo "2445"]
[PlyCount "93"]
[EventDate "1997.11.07"]
[EventType "team-tourn"]
[EventRounds "9"]
[EventCountry "ITA"]
[Source "ChessBase"]
[SourceDate "1998.03.09"]

1. e4 e6 2. d4 d5 3. e5 c5 4. c3 Nc6 5. Nf3 Bd7 6. a3 c4 7. Bf4 Qb6 8. Qc2 Na5
9. Nbd2 Nb3 10. Nxb3 Ba4 11. Nfd2 Ne7 12. Rc1 Nc6 13. Qb1 Bxb3 14. Nxb3 Qxb3
15. Be2 Be7 16. O-O O-O-O 17. Rfe1 Na5 18. Bh5 Rdf8 19. Re3 Qb6 20. Rg3 g6 21.
Be2 Nb3 22. Re1 h6 23. Qc2 Qd8 24. Bd1 h5 25. Qe2 g5 26. Be3 Na5 27. h3 Rfg8
28. Rf1 Rg7 29. Bc2 Qg8 30. Bd2 g4 31. f4 Bh4 32. Re3 Nb3 33. Bxb3 cxb3 34. f5
Qh7 35. c4 Bg5 36. Rc3 Bxd2 37. Qxd2 gxh3 38. cxd5+ Kb8 39. Rxh3 exd5 40. Rxb3
Rhg8 41. Rf2 Rg3 42. Rxg3 Rxg3 43. Qa5 Qg8 44. Qxd5 Re3 45. e6 fxe6 46. Qd6+
Ka8 47. fxe6 1-0

[Event "Mitropa Cup 17th"]
[Site "Montecatini Terme"]
[Date "1997.??.??"]
[Round "1"]
[White "Helbich, Jan"]
[Black "Moor, Roger"]
[Result "0-1"]
[WhiteElo "2195"]
[BlackElo "2280"]
[PlyCount "106"]
[EventDate "1997.11.07"]
[EventType "team-tourn"]
[EventRounds "9"]
[EventCountry "ITA"]
[Source "ChessBase"]
[SourceDate "1998.03.09"]

1. e4 Nf6 2. e5 Nd5 3. d4 d6 4. Nf3 Nb6 5. Be2 g6 6. O-O Bg7 7. exd6 cxd6 8. c4
O-O 9. Nc3 Bg4 10. b3 Nc6 11. Be3 d5 12. c5 Nc8 13. b4 a6 14. Qb3 e6 15. Rfd1
N8e7 16. b5 axb5 17. Nxb5 Nf5 18. Rd2 Na5 19. Qb4 Bxf3 20. Bxf3 Nc4 21. Rd3 b6
22. c6 Ne7 23. c7 Qd7 24. a4 Nc6 25. Qb3 Na7 26. Nxa7 Rxa7 27. Bf4 b5 28. Bd1
Rfa8 29. Rb1 Rxc7 30. Bxc7 Qxc7 31. axb5 Qb6 32. Qc3 Ra5 33. Qb4 Bxd4 34. Rf3
Bc5 35. Qe1 Rxb5 36. Rbb3 Rxb3 37. Rxb3 Qa7 38. Be2 Nd6 39. Bd3 Bd4 40. g3 e5
41. Kg2 e4 42. Be2 Kg7 43. f3 h5 44. Qb1 h4 45. gxh4 Qe7 46. Qd1 Nf5 47. Kh1
Qxh4 48. fxe4 Be5 49. Qg1 dxe4 50. Bf1 e3 51. Qg2 Ng3+ 52. Kg1 Nxf1 53. Kxf1
Qc4+ 0-1

[Event "Mitropa Cup 17th"]
[Site "Montecatini Terme"]
[Date "1997.??.??"]
[Round "1"]
[White "Le Roux, Jean Pierre"]
[Black "Brod, Manfred"]
[Result "0-1"]
[WhiteElo "2265"]
[BlackElo "2270"]
[PlyCount "96"]
[EventDate "1997.11.07"]
[EventType "team-tourn"]
[EventRounds "9"]
[EventCountry "ITA"]
[Source "ChessBase"]
[SourceDate "1998.03.09"]

1. Nf3 c5 2. c4 Nc6 3. Nc3 g6 4. g3 Bg7 5. Bg2 e6 6. O-O Nge7 7. Rb1 O-O 8. d3
d5 9. cxd5 exd5 10. Bf4 h6 11. h4 Be6 12. Nb5 Rc8 13. d4 c4 14. b3 cxb3 15.
Qxb3 Nf5 16. Qa3 Qd7 17. e3 Rfd8 18. g4 Bf8 19. gxf5 Bxa3 20. fxe6 Qxe6 21.
Nxa3 Qe7 22. Nc2 Kh7 23. Bh3 f5 24. Nce1 b6 25. Kh2 Qe4 26. Nd2 Qe7 27. h5 Rg8
28. Nef3 Rcf8 29. hxg6+ Rxg6 30. Rg1 Qf6 31. Ne5 Nxe5 32. Bxe5 Qh4 33. Rxg6
Kxg6 34. Rg1+ Kf7 35. Rg7+ Ke6 36. Bg3 Qh5 37. Rxa7 Qe2 38. Nb3 h5 39. Rc7 h4
40. Bxh4 Rh8 41. Nc1 Qd1 42. Bg5 Qf3 43. Rc6+ Kd7 44. Rh6 Qxf2+ 45. Kh1 Rxh6
46. Bxh6 Qh4 47. Kg2 Qxh6 48. Bxf5+ Kd6 0-1

[Event "Mitropa Cup 17th"]
[Site "Montecatini Terme"]
[Date "1997.??.??"]
[Round "1"]
[White "Marzolo, Cyril"]
[Black "Neubauer, Martin"]
[Result "1-0"]
[WhiteElo "2320"]
[BlackElo "2315"]
[PlyCount "51"]
[EventDate "1997.11.07"]
[EventType "team-tourn"]
[EventRounds "9"]
[EventCountry "ITA"]
[Source "ChessBase"]
[SourceDate "1998.03.09"]

1. d4 d5 2. c4 e6 3. Nc3 c5 4. e3 Nf6 5. Nf3 Nc6 6. a3 a6 7. dxc5 Bxc5 8. b4
Bd6 9. Bb2 O-O 10. Qc2 Qe7 11. Rd1 Rd8 12. Be2 dxc4 13. Bxc4 b5 14. Bd3 Ne5 15.
Nxe5 Bxe5 16. f4 Bb8 17. Ne4 Ng4 18. Ng5 h6 19. Bh7+ Kf8 20. Rxd8+ Qxd8 21.
Nxf7 Qc7 22. Qg6 Qxf7 23. Qxg4 Ba7 24. Be5 Bxe3 25. Bb1 Ke8 26. Bg6 1-0

[Event "Mitropa Cup 17th"]
[Site "Montecatini Terme"]
[Date "1997.??.??"]
[Round "1"]
[White "Mohr, Georg"]
[Black "Boensch, Uwe"]
[Result "1/2-1/2"]
[WhiteElo "2480"]
[BlackElo "2540"]
[PlyCount "31"]
[EventDate "1997.11.07"]
[EventType "team-tourn"]
[EventRounds "9"]
[EventCountry "ITA"]
[Source "ChessBase"]
[SourceDate "1998.03.09"]

1. e4 c5 2. Nf3 d6 3. d4 cxd4 4. Nxd4 Nf6 5. Nc3 e6 6. g3 Nc6 7. Bg2 Bd7 8. O-O
a6 9. a4 Be7 10. Nb3 O-O 11. f4 Qc7 12. Be3 Rae8 13. g4 Bc8 14. g5 Nd7 15. Qe2
b6 16. Rad1 1/2-1/2

[Event "Mitropa Cup 17th"]
[Site "Montecatini Terme"]
[Date "1997.??.??"]
[Round "1"]
[White "Mrva, Martin"]
[Black "Forster, Richard"]
[Result "0-1"]
[WhiteElo "2395"]
[BlackElo "2460"]
[PlyCount "60"]
[EventDate "1997.11.07"]
[EventType "team-tourn"]
[EventRounds "9"]
[EventCountry "ITA"]
[Source "ChessBase"]
[SourceDate "1998.03.09"]

1. e4 c5 2. Nf3 d6 3. d4 cxd4 4. Nxd4 Nf6 5. Nc3 a6 6. f4 e5 7. Nf3 Nbd7 8. a4
Be7 9. Bc4 Qa5 10. Qe2 b5 11. Ba2 bxa4 12. O-O O-O 13. Nxa4 Bb7 14. Nc3 Qc7 15.
Kh1 Rae8 16. f5 h6 17. Nd5 Nxd5 18. exd5 e4 19. Nd4 e3 20. Bxe3 Bg5 21. Ne6
fxe6 22. dxe6 d5 23. Bxg5 hxg5 24. Qh5 Nf6 25. Qxg5 Ne4 26. Qg6 Re7 27. Rae1
Qe5 28. Rd1 Rf6 29. Qg4 Rh6 30. Qf4 Ng3+ 0-1

[Event "Mitropa Cup 17th"]
[Site "Montecatini Terme"]
[Date "1997.??.??"]
[Round "1"]
[White "Naumann, Alexander"]
[Black "Tratar, Marko"]
[Result "0-1"]
[WhiteElo "2385"]
[BlackElo "2395"]
[PlyCount "130"]
[EventDate "1997.11.07"]
[EventType "team-tourn"]
[EventRounds "9"]
[EventCountry "ITA"]
[Source "ChessBase"]
[SourceDate "1998.03.09"]

1. d4 Nf6 2. c4 g6 3. Nf3 Bg7 4. g3 O-O 5. Bg2 d6 6. O-O c6 7. Nc3 a6 8. e4 b5
9. e5 Ne8 10. cxb5 axb5 11. Bf4 b4 12. Ne4 Be6 13. Qd2 Bd5 14. Rfe1 Na6 15. a3
dxe5 16. dxe5 bxa3 17. Rxa3 Nec7 18. Nc3 Ne6 19. Be3 Nac7 20. Bb6 Rb8 21. Qe3
Rb7 22. b4 Qd7 23. Rd1 Rfb8 24. Ba5 Qe8 25. Raa1 Nf8 26. Rac1 e6 27. Ne4 Bxe4
28. Qxe4 Nd5 29. Rc4 Nd7 30. Rdc1 Bf8 31. Nd4 Bxb4 32. Nxc6 Bxa5 33. Nxa5 Rb4
34. Nc6 Rxc4 35. Qxc4 N7b6 36. Qc5 Rc8 37. Qd6 Kg7 38. Rc2 Qf8 39. Bxd5 Nxd5
40. Qd7 Rc7 41. Qd6 Qxd6 42. exd6 Rd7 43. Ne5 Rxd6 44. Ra2 Kf6 45. Ng4+ Ke7 46.
Ra7+ Rd7 47. Rxd7+ Kxd7 48. Ne5+ Ke7 49. f3 f6 50. Nc4 e5 51. Kf2 Ke6 52. Nd2
f5 53. g4 fxg4 54. fxg4 Nf6 55. h3 Kd5 56. Ke3 g5 57. Nf1 e4 58. Nd2 h6 59. Nf1
Ke5 60. Kf2 Nd5 61. Ng3 Kd4 62. Nf5+ Kd3 63. Nxh6 e3+ 64. Ke1 Nb4 65. Nf7 Nc2+
0-1

[Event "Mitropa Cup 17th"]
[Site "Montecatini Terme"]
[Date "1997.??.??"]
[Round "1"]
[White "Ptacnikova, Lenka"]
[Black "Czebe, Attila"]
[Result "1-0"]
[WhiteElo "2295"]
[BlackElo "2480"]
[PlyCount "63"]
[EventDate "1997.11.07"]
[EventType "team-tourn"]
[EventRounds "9"]
[EventCountry "ITA"]
[Source "ChessBase"]
[SourceDate "1998.03.09"]

1. e4 e5 2. Nf3 Nc6 3. Bb5 Nge7 4. c3 g6 5. d4 exd4 6. Nxd4 Bg7 7. Be3 O-O 8.
O-O Re8 9. Re1 Ne5 10. Nd2 a6 11. Be2 d6 12. f4 Nd7 13. Bc4 d5 14. Bb3 Nf6 15.
N4f3 dxe4 16. Ng5 Nfd5 17. Ndxe4 h6 18. Nf3 Nxe3 19. Rxe3 Nf5 20. Qxd8 Rxd8 21.
Re2 Kf8 22. Rae1 Bd7 23. g4 Ne7 24. Nc5 Ng8 25. Ne5 Bxe5 26. fxe5 b6 27. Rf2 f6
28. e6 bxc5 29. e7+ Nxe7 30. Rxf6+ Ke8 31. Rf7 Be6 32. Bxe6 1-0

[Event "Mitropa Cup 17th"]
[Site "Montecatini Terme"]
[Date "1997.??.??"]
[Round "1"]
[White "Tabernig, Bernhard"]
[Black "Benitah, Yohan"]
[Result "1-0"]
[WhiteElo "2310"]
[BlackElo "2350"]
[PlyCount "65"]
[EventDate "1997.11.07"]
[EventType "team-tourn"]
[EventRounds "9"]
[EventCountry "ITA"]
[Source "ChessBase"]
[SourceDate "1998.03.09"]

1. d4 Nf6 2. c4 c5 3. d5 b5 4. cxb5 a6 5. bxa6 g6 6. g3 Bxa6 7. Bg2 d6 8. Nc3
Bg7 9. Rb1 Nbd7 10. Nh3 O-O 11. O-O Nb6 12. b3 Qd7 13. Nf4 c4 14. h4 Rfc8 15.
b4 Bb5 16. Bh3 Qe8 17. Bxc8 Rxc8 18. Be3 Na4 19. Bd4 Bh6 20. e3 Nxc3 21. Bxc3
Ne4 22. Ne2 Ba4 23. Qd4 Nxc3 24. Qxc3 Qb5 25. Qd2 Bg7 26. Rfc1 Qa6 27. Nd4 Qb7
28. b5 Rc5 29. Qa5 Bxd4 30. exd4 Rxb5 31. Rxb5 Qxb5 32. Qxb5 Bxb5 33. Rb1 1-0

[Event "Mitropa Cup 17th"]
[Site "Montecatini Terme"]
[Date "1997.??.??"]
[Round "1"]
[White "Varga, Zoltan"]
[Black "Orsag, Milan"]
[Result "1/2-1/2"]
[WhiteElo "2495"]
[BlackElo "2350"]
[PlyCount "52"]
[EventDate "1997.11.07"]
[EventType "team-tourn"]
[EventRounds "9"]
[EventCountry "ITA"]
[Source "ChessBase"]
[SourceDate "1998.03.09"]

1. e4 c5 2. Nf3 e6 3. d4 cxd4 4. Nxd4 Nf6 5. Nc3 d6 6. Be3 Be7 7. g4 Nc6 8. g5
Nd7 9. h4 O-O 10. Qe2 a6 11. O-O-O Nxd4 12. Rxd4 b5 13. f4 Re8 14. h5 e5 15.
Rd2 exf4 16. Bxf4 Bxg5 17. Qe3 Bxf4 18. Qxf4 Qf6 19. Qxd6 Qxd6 20. Rxd6 h6 21.
Nd5 Ra7 22. Bd3 Ne5 23. Kd2 Be6 24. Nb4 Bc8 25. Nd5 Be6 26. Nb4 Bc8 1/2-1/2

[Event "Mitropa Cup 17th"]
[Site "Montecatini Terme"]
[Date "1997.??.??"]
[Round "1"]
[White "Vokac, Marek"]
[Black "Horvath, Csaba"]
[Result "1/2-1/2"]
[WhiteElo "2480"]
[BlackElo "2530"]
[PlyCount "27"]
[EventDate "1997.11.07"]
[EventType "team-tourn"]
[EventRounds "9"]
[EventCountry "ITA"]
[Source "ChessBase"]
[SourceDate "1998.03.09"]

1. Nf3 g6 2. c4 Bg7 3. Nc3 c5 4. g3 Nc6 5. Bg2 e6 6. O-O Nge7 7. d3 O-O 8. Bd2
b6 9. a3 Bb7 10. Rb1 d5 11. cxd5 exd5 12. b4 d4 13. Ne4 cxb4 14. axb4 1/2-1/2

[Event "Mitropa Cup 17th"]
[Site "Montecatini Terme"]
[Date "1997.??.??"]
[Round "1"]
[White "Weiss, Christian"]
[Black "Anic, Darko"]
[Result "1-0"]
[WhiteElo "2325"]
[BlackElo "2445"]
[PlyCount "81"]
[EventDate "1997.11.07"]
[EventType "team-tourn"]
[EventRounds "9"]
[EventCountry "ITA"]
[Source "ChessBase"]
[SourceDate "1998.03.09"]

1. d4 c6 2. Nf3 Nf6 3. c4 d6 4. Nc3 Nbd7 5. g3 e5 6. Bg2 Be7 7. O-O O-O 8. e4
Re8 9. b3 a6 10. Qc2 b5 11. Rd1 Qc7 12. c5 exd4 13. cxd6 Bxd6 14. Nxd4 Bb7 15.
Nf5 Bf8 16. Nd5 Nxd5 17. exd5 c5 18. Bb2 Qb6 19. Qd2 Ne5 20. Re1 Ng6 21. h4
Rad8 22. h5 Ne7 23. Rxe7 Rxe7 24. h6 gxh6 25. Nxe7+ Bxe7 26. Qc3 f6 27. Re1 Qc7
28. Qe3 Bf8 29. Bxf6 Rxd5 30. Qe6+ Qf7 31. Bxd5 Bxd5 32. Qg4+ Qg6 33. Qxg6+
hxg6 34. Be7 c4 35. Bxf8 Kxf8 36. b4 Kf7 37. Re5 Bf3 38. Re3 Bd5 39. Kf1 g5 40.
Re8 Bf3 41. Rf8+ 1-0

[Event "Mitropa Cup 17th"]
[Site "Montecatini Terme"]
[Date "1997.??.??"]
[Round "1"]
[White "Wirthensohn, Heinz"]
[Black "Balogh, Tomas"]
[Result "1-0"]
[WhiteElo "2365"]
[BlackElo "2390"]
[PlyCount "49"]
[EventDate "1997.11.07"]
[EventType "team-tourn"]
[EventRounds "9"]
[EventCountry "ITA"]
[Source "ChessBase"]
[SourceDate "1998.03.09"]

1. Nf3 Nf6 2. c4 g6 3. Nc3 Bg7 4. e4 d6 5. d4 O-O 6. Be2 e5 7. Be3 Ng4 8. Bg5
f6 9. Bc1 Nc6 10. d5 Ne7 11. Nd2 f5 12. exf5 gxf5 13. Bxg4 fxg4 14. Nde4 Nf5
15. h3 Nh4 16. Bg5 Nxg2+ 17. Kd2 Rxf2+ 18. Kc1 Qxg5+ 19. Nxg5 Bh6 20. Nce4 Bf5
21. hxg4 Bxg5+ 22. Nxg5 Bg6 23. Rf1 Raf8 24. Rxf2 Rxf2 25. Nh3 1-0

[Event "Mitropa Cup 17th"]
[Site "Montecatini Terme"]
[Date "1997.??.??"]
[Round "1"]
[White "Zelcic, Robert"]
[Black "Belotti, Bruno"]
[Result "1-0"]
[WhiteElo "2530"]
[BlackElo "2410"]
[PlyCount "78"]
[EventDate "1997.11.07"]
[EventType "team-tourn"]
[EventRounds "9"]
[EventCountry "ITA"]
[Source "ChessBase"]
[SourceDate "1998.03.09"]

1. e4 c5 2. Nf3 e6 3. d4 cxd4 4. Nxd4 a6 5. Nc3 b5 6. Bd3 Bb7 7. O-O d6 8. a4
bxa4 9. Rxa4 Nd7 10. Nb3 Ngf6 11. Qe2 Qc8 12. Bf4 Nb6 13. Ra2 d5 14. Rfa1 Bb4
15. Bxa6 O-O 16. Qb5 Bxc3 17. Bxb7 Qxb7 18. bxc3 Rxa2 19. Rxa2 Nxe4 20. Ra6
Nxc3 21. Rxb6 Qa7 22. Qd3 Qxb6 23. Qxc3 Qa6 24. h4 Rc8 25. Qd2 f6 26. Be3 Qc4
27. Nd4 Kf7 28. Qa5 Qc7 29. Qb5 Rb8 30. Qf1 e5 31. Nb5 Qxc2 32. Nd6+ Kg8 33.
Qa6 Qc7 34. Nf5 Qd7 35. Qd3 Kf7 36. Bc5 g6 37. Nd6+ Ke6 38. Qa6 Rb1+ 39. Kh2 f5
1-0

[Event "Mitropa Cup 17th"]
[Site "Montecatini Terme"]
[Date "1997.??.??"]
[Round "2"]
[White "Acs, Peter"]
[Black "Le Roux, Jean Pierre"]
[Result "1-0"]
[WhiteElo "2460"]
[BlackElo "2265"]
[PlyCount "87"]
[EventDate "1997.11.07"]
[EventType "team-tourn"]
[EventRounds "9"]
[EventCountry "ITA"]
[Source "ChessBase"]
[SourceDate "1998.03.09"]

1. e4 e5 2. Nf3 Nf6 3. d4 exd4 4. e5 Ne4 5. Qxd4 d5 6. exd6 Nxd6 7. Bd3 Nc6 8.
Qf4 g6 9. O-O Bg7 10. Re1+ Be6 11. Qg3 O-O 12. Bg5 Qc8 13. Nc3 Nb4 14. Rad1
Nxd3 15. Rxd3 Nf5 16. Qg4 h6 17. Bd2 c5 18. Bc1 Nd4 19. Qh4 g5 20. Bxg5 Nxf3+
21. Rxf3 hxg5 22. Qxg5 Qd8 23. Qxc5 Qd2 24. Rd1 Qxc2 25. Rg3 Bf5 26. Rf1 Rfd8
27. h4 Rac8 28. Qe7 Bg6 29. Qg5 Qxb2 30. h5 Rd6 31. Nd5 Rcd8 32. Ne7+ Kf8 33.
hxg6 Rd1 34. Rxd1 Rxd1+ 35. Kh2 Qa1 36. Re3 Rh1+ 37. Kg3 Qd4 38. Nd5 f6 39. Qg4
Qxg4+ 40. Kxg4 Rc1 41. Re7 Rc8 42. Rf7+ Kg8 43. Ne7+ Kh8 44. Nf5 1-0

[Event "Mitropa Cup 17th"]
[Site "Montecatini Terme"]
[Date "1997.??.??"]
[Round "2"]
[White "Anic, Darko"]
[Black "Horvath, Csaba"]
[Result "1-0"]
[WhiteElo "2445"]
[BlackElo "2530"]
[PlyCount "113"]
[EventDate "1997.11.07"]
[EventType "team-tourn"]
[EventRounds "9"]
[EventCountry "ITA"]
[Source "ChessBase"]
[SourceDate "1998.03.09"]

1. Nf3 g6 2. g3 Bg7 3. Bg2 c5 4. O-O Nc6 5. d3 e6 6. Nbd2 Nge7 7. e4 d5 8. Re1
b6 9. c3 a5 10. a4 Ra7 11. exd5 exd5 12. d4 cxd4 13. Nxd4 Nxd4 14. cxd4 Bxd4
15. Nf3 Bg7 16. Nd4 O-O 17. Bg5 f6 18. Bf4 g5 19. Be3 Rc7 20. Qb3 Rc4 21. Rac1
Rxc1 22. Rxc1 Kh8 23. Qc3 h6 24. Qc7 f5 25. Nb5 Bxb2 26. Bxb6 Qd7 27. Re1 Nc6
28. Qxd7 Bxd7 29. Bxd5 Rb8 30. Bc7 Rc8 31. Rb1 Bf6 32. Rc1 Nd4 33. Nxd4 Bxd4
34. Bb7 Re8 35. Rd1 Bc8 36. Bc6 Re6 37. Rxd4 Rxc6 38. Rd8+ Kh7 39. Rxc8 f4 40.
gxf4 gxf4 41. Kg2 Kg6 42. Kf3 Rc4 43. Rg8+ Kh7 44. Ra8 Rxc7 45. Rxa5 Rc3+ 46.
Kxf4 Rh3 47. Ra8 Rxh2 48. Kg3 Rh5 49. a5 Rg5+ 50. Kf4 Rb5 51. a6 Rb6 52. a7 Ra6
53. Kf5 Ra4 54. f4 h5 55. Kg5 h4 56. Kg4 Kg7 57. Kh3 1-0

[Event "Mitropa Cup 17th"]
[Site "Montecatini Terme"]
[Date "1997.??.??"]
[Round "2"]
[White "Balogh, Tomas"]
[Black "Grosar, Aljosa"]
[Result "1/2-1/2"]
[WhiteElo "2390"]
[BlackElo "2455"]
[PlyCount "98"]
[EventDate "1997.11.07"]
[EventType "team-tourn"]
[EventRounds "9"]
[EventCountry "ITA"]
[Source "ChessBase"]
[SourceDate "1998.03.09"]

1. d4 Nf6 2. c4 e6 3. Nc3 Bb4 4. Qc2 d5 5. cxd5 Qxd5 6. Nf3 Qf5 7. Qxf5 exf5 8.
Bd2 a6 9. a3 Bd6 10. g3 Be6 11. Bg2 c6 12. Bf4 Bxf4 13. gxf4 Nbd7 14. O-O h6
15. Ne5 g5 16. Rad1 Rd8 17. h4 Nxe5 18. dxe5 Nd7 19. hxg5 hxg5 20. fxg5 Nxe5
21. Na4 f4 22. Nc5 Rg8 23. Nxb7 Rxd1 24. Rxd1 Rxg5 25. Kf1 Ke7 26. Rd4 f3 27.
Bxf3 Nxf3 28. exf3 Rb5 29. Rb4 Bc8 30. Rxb5 cxb5 31. Na5 Kd6 32. Ke2 Kc5 33.
Ke3 b4 34. Nb3+ Kc4 35. Nd2+ Kb5 36. axb4 Kxb4 37. Kd4 a5 38. f4 Be6 39. Ke5 a4
40. f5 Ba2 41. Kd6 Bb3 42. Ke7 Bd5 43. Kd6 Bb3 44. f6 Be6 45. f4 Bf5 46. Ke7
Be6 47. f5 Bd5 48. Kd6 Bg2 49. Ke7 Bd5 1/2-1/2

[Event "Mitropa Cup 17th"]
[Site "Montecatini Terme"]
[Date "1997.??.??"]
[Round "2"]
[White "Bellini, Fabio"]
[Black "Prusikin, Michael"]
[Result "1-0"]
[WhiteElo "2415"]
[BlackElo "2450"]
[PlyCount "113"]
[EventDate "1997.11.07"]
[EventType "team-tourn"]
[EventRounds "9"]
[EventCountry "ITA"]
[Source "ChessBase"]
[SourceDate "1998.03.09"]

1. e4 c5 2. Nf3 e6 3. d3 Nc6 4. g3 g6 5. Bg5 Qc7 6. Bg2 Bg7 7. c3 b6 8. O-O h6
9. Be3 Nf6 10. d4 cxd4 11. Nxd4 Ba6 12. Re1 O-O 13. Na3 Nxd4 14. Bxd4 e5 15.
Be3 Rad8 16. Qa4 Qc8 17. Nb5 Bxb5 18. Qxb5 Qc6 19. a4 Rfe8 20. Red1 Bf8 21. f3
Bc5 22. Bxc5 bxc5 23. Qxc6 dxc6 24. Bf1 Kf8 25. b4 Ke7 26. b5 Rxd1 27. Rxd1
cxb5 28. axb5 Rd8 29. Ra1 Rd7 30. Bc4 Rc7 31. Kf2 Nd7 32. Bd5 Nb6 33. c4 Kf6
34. Ke3 Ke7 35. h4 Rd7 36. f4 Kd6 37. Rd1 Ke7 38. Rf1 exf4+ 39. gxf4 f5 40. Rg1
fxe4 41. Rxg6 Nxd5+ 42. cxd5 Rxd5 43. Kxe4 Rd4+ 44. Ke5 Rb4 45. Rg7+ Kf8 46.
Rb7 c4 47. Kd4 Ke8 48. Kc3 Rb3+ 49. Kxc4 Rf3 50. Rxa7 Rxf4+ 51. Kc5 Kd8 52. Kc6
Rc4+ 53. Kb7 Rxh4 54. b6 Ke7 55. Ka8+ Kf6 56. b7 Rb4 57. Ra5 1-0

[Event "Mitropa Cup 17th"]
[Site "Montecatini Terme"]
[Date "1997.??.??"]
[Round "2"]
[White "Benitah, Yohan"]
[Black "Czebe, Attila"]
[Result "1/2-1/2"]
[WhiteElo "2350"]
[BlackElo "2480"]
[PlyCount "99"]
[EventDate "1997.11.07"]
[EventType "team-tourn"]
[EventRounds "9"]
[EventCountry "ITA"]
[Source "ChessBase"]
[SourceDate "1998.03.09"]

1. d4 e6 2. c4 b6 3. Nc3 Bb7 4. e4 Bb4 5. f3 f5 6. Bd3 Nh6 7. Bxh6 Qh4+ 8. Kf1
Qxh6 9. exf5 O-O 10. fxe6 dxe6 11. Be4 Bxe4 12. Nxe4 Qe3 13. Nf2 Nc6 14. Qa4
Nxd4 15. Qxb4 Nc2 16. Re1 Qxf2+ 17. Kxf2 Nxb4 18. Rxe6 Nd3+ 19. Kg3 Rfe8 20.
Rxe8+ Rxe8 21. Nh3 Nxb2 22. Rc1 Re2 23. Nf4 Rd2 24. c5 b5 25. Re1 Kf7 26. Ne6
c6 27. Ng5+ Kg6 28. Ne4 Rd5 29. Nd6 Nd3 30. Re6+ Kh5 31. Ne4 Nxc5 32. Rxc6
Nxe4+ 33. fxe4 Rd3+ 34. Kf4 Rd2 35. e5 Rxg2 36. e6 Kg6 37. Ke5 Rxa2 38. Kd6 Kf6
39. Kd7 Re2 40. Rd6 b4 41. Rd1 b3 42. Rf1+ Ke5 43. Rd1 Kf6 44. Rf1+ Kg5 45. e7
a5 46. Ra1 b2 47. Rb1 Rd2+ 48. Kc7 Re2 49. Kd7 Rd2+ 50. Kc7 1/2-1/2